000 00891nac a22002897a 4500
001 BR7406031
003 BR-BrBNA
005 20240105113813.0
008 230509b bl.|||m| |||| 00| 0 por d
040 _aBR-BrBNA
_bpor
_cBiblioteca Nacional de Agricultura
072 _aP05; P00
090 _aP05 BR7406031
110 1 _aMinisterio das Minas e Energia, Brasilia, DF (Brasil)
_97081
245 1 _aRelatorio das atividades de 1973 [Ministerio das Minas e Energia, Brasil]
260 3 _aBrasilia, DF (Brasil):
_c1974.
300 _a110 p.
490 _aRelatorio - Ministerio das Minas e Energia (Brazil)
_v
_x
650 _aRECURSO NATURAL
650 _aMINERAL
650 _aENERGIA ELETRICA
650 _aLEGISLACAO
650 _aEXPORTACAO
650 _aIMPORTACAO
650 _aFINANCIAMENTO
909 _a202312
_bLúcia Elande
_c55
_dLúcia Elande
942 _2AGRIS
_n0
_cMS
999 _c265667
_d265667